La calidad del agua en la agricultura

Gespeichert in:
Bibliographische Detailangaben
1. Verfasser: Ayers, R. S (VerfasserIn)
Format: Buch
Sprache:Spanisch
Veröffentlicht: Roma FAO 1987
Schriftenreihe:Estudio FAO. Riego y Drenaje, 29
Schlagworte:
Tags: Tag hinzufügen
Keine Tags, Fügen Sie den ersten Tag hinzu!

MARC

LEADER 00000nam a2200000 a 4500
001 UCV7386
003 CL-VaPUC
008 911010e19870000IT |||||||||||||||||spa|d
082 0 4 |a 631.7  |b AYE  |2 21 
100 0 |a Ayers, R. S  |e author  |9 301492 
245 1 3 |a La calidad del agua en la agricultura 
300 |a 174 p 
942 |c BK 
945 |d 19911010 00:00:00 
260 |a Roma  |b FAO  |c 1987 
650 0 |a Calidad del agua   |9 261394 
650 0 |a Agricultura  |9 255598 
650 0 |a Agua de riego  |9 260487 
583 |a last modification  |c 20180514 10:54:58  |k Rodrigo Vera 
490 0 |a Estudio FAO. Riego y Drenaje, 29 
999 |c 213073  |d 213071